The complete Guide to Floor Dâecor : (Record no. 10435)
[ view plain ]
| 000 -LEADER | |
|---|---|
| fixed length control field | 02094cam a2200433 a 4500 |
| 090 ## - LOCALLY ASSIGNED LC-TYPE CALL NUMBER (OCLC); LOCAL CALL NUMBER (OCLC) | |
| -- | 10435 |
| 001 - CONTROL NUMBER | |
| control field | 14828756 |
| 005 - DATE AND TIME OF LATEST TRANSACTION | |
| control field | 20080707151909.0 |
| 008 - FIXED-LENGTH DATA ELEMENTS--GENERAL INFORMATION | |
| fixed length control field | 070430s2007 mnua f 001 0 eng |
| 010 ## - LIBRARY OF CONGRESS CONTROL NUMBER | |
| LC control number | 2007018211 |
| 020 ## - INTERNATIONAL STANDARD BOOK NUMBER | |
| International Standard Book Number | 9781589233324 (soft cover) |
| 020 ## - INTERNATIONAL STANDARD BOOK NUMBER | |
| International Standard Book Number | 1589233328 (soft cover) |
| 035 ## - SYSTEM CONTROL NUMBER | |
| System control number | (OCoLC)ocn123955222 |
| 035 ## - SYSTEM CONTROL NUMBER | |
| System control number | (OCoLC)123955222 |
| Canceled/invalid control number | (OCoLC)148901772 |
| 037 ## - | |
| -- | 1273249 |
| -- | QBI |
| 040 ## - CATALOGING SOURCE | |
| Original cataloging agency | DLC |
| Transcribing agency | DLC |
| Modifying agency | QBX |
| -- | BAKER |
| -- | BTCTA |
| -- | VPL |
| -- | DLC |
| 042 ## - AUTHENTICATION CODE | |
| Authentication code | lcac |
| 050 00 - LIBRARY OF CONGRESS CALL NUMBER | |
| Classification number | TH2525 |
| Item number | .F48 2007 |
| 082 00 - DEWEY DECIMAL CLASSIFICATION NUMBER | |
| Classification number | 690.16 |
| Edition number | 22 |
| Item number | COM |
| 245 04 - TITLE STATEMENT | |
| Title | The complete Guide to Floor Dâecor : |
| Remainder of title | Beautiful, Long-lasting Floors You Can Design & Install. |
| 246 30 - VARYING FORM OF TITLE | |
| Title proper/short title | Floor decor |
| 246 3# - VARYING FORM OF TITLE | |
| Title proper/short title | Black & Decker the complete guide to floor decor |
| 246 3# - VARYING FORM OF TITLE | |
| Title proper/short title | Black and Decker the complete guide to floor decor |
| 260 ## - PUBLICATION, DISTRIBUTION, ETC. (IMPRINT) | |
| Place of publication, distribution, etc | Chanhassen, Minn. : |
| Name of publisher, distributor, etc | Creative Pub. International, |
| Date of publication, distribution, etc | c2007. |
| 300 ## - PHYSICAL DESCRIPTION | |
| Extent | 272 p. : |
| Other physical details | col. ill. ; |
| Dimensions | 28 cm. |
| 500 ## - GENERAL NOTE | |
| General note | Includes index. |
| 500 ## - GENERAL NOTE | |
| General note | At head of title: Black & Decker. |
| 500 ## - GENERAL NOTE | |
| General note | "New & revised"--Cover. |
| 520 ## - SUMMARY, ETC. | |
| Summary, etc | "Includes comprehensive information on installing, repairing and maintaining all of the most common and popular floor types"--Provided by publisher. |
| 650 #0 - SUBJECT ADDED ENTRY--TOPICAL TERM | |
| Topical term or geographic name as entry element | Flooring |
| Form subdivision | Handbooks, manuals, etc. |
| 650 #0 - SUBJECT ADDED ENTRY--TOPICAL TERM | |
| Topical term or geographic name as entry element | Floors |
| General subdivision | Maintenance and repair |
| Form subdivision | Handbooks, manuals, etc. |
| 710 2# - ADDED ENTRY--CORPORATE NAME | |
| Corporate name or jurisdiction name as entry element | Black & Decker Corporation (Towson, Md.) |
| 856 41 - ELECTRONIC LOCATION AND ACCESS | |
| Materials specified | Table of contents only |
| Uniform Resource Identifier | <a href="http://www.loc.gov/catdir/toc/ecip0717/2007018211.html">http://www.loc.gov/catdir/toc/ecip0717/2007018211.html</a> |
| 856 42 - ELECTRONIC LOCATION AND ACCESS | |
| Materials specified | Publisher description |
| Uniform Resource Identifier | <a href="http://www.loc.gov/catdir/enhancements/fy0728/2007018211-d.html">http://www.loc.gov/catdir/enhancements/fy0728/2007018211-d.html</a> |
| 856 42 - ELECTRONIC LOCATION AND ACCESS | |
| Materials specified | Contributor biographical information |
| Uniform Resource Identifier | <a href="http://www.loc.gov/catdir/enhancements/fy0737/2007018211-b.html">http://www.loc.gov/catdir/enhancements/fy0737/2007018211-b.html</a> |
| 942 ## - ADDED ENTRY ELEMENTS (KOHA) | |
| Source of classification or shelving scheme | Dewey Decimal Classification |
| Item type | Book - Borrowing |
| Withdrawn status | Item status | Source of classification or shelving scheme | Damaged status | Not for loan | Vendor | Home library | Current library | Shelving location | Date acquired | Source of acquisition | Cost, normal purchase price | Serial Enumeration / chronology | Total Checkouts | Total Renewals | Full call number | Barcode | Date last seen | Date last borrowed | Koha item type |
|---|---|---|---|---|---|---|---|---|---|---|---|---|---|---|---|---|---|---|---|
| Dewey Decimal Classification | Alahram | Central Library | Central Library | First floor | 26/01/2009 | 149.70 | 6473 | 2 | 3 | 690.16 COM | 000015124 | 15/07/2025 | 10/02/2013 | Book - Borrowing |